{"text_format":"3","workbook":"xlsx","n_sheets":1,"sheets":["中标情况汇总表"],"not_rendered":{"defined_names":1},"read":"whole","date_system":"1900"}

{"sheet":"中标情况汇总表","index":0,"n_rows":51,"n_cols":12,"rows_kept":51,"merged":[[0,0,0,11],[1,0,1,4],[1,10,1,11],[3,0,3,11],[4,0,5,0],[4,1,5,1],[4,2,5,2],[4,3,5,3],[4,4,5,4],[6,0,7,0],[6,1,7,1],[6,2,7,2],[6,3,7,3],[6,4,7,4],[8,0,9,0],[8,1,9,1],[8,2,9,2],[8,3,9,3],[8,4,9,4],[11,0,12,0],[11,1,12,1],[11,2,12,2],[11,3,12,3],[11,4,12,4],[14,0,15,0],[14,1,15,1],[14,2,15,2],[14,3,15,3],[14,4,15,4],[19,0,20,0],[19,1,20,1],[19,2,20,2],[19,3,20,3],[19,4,20,4],[21,0,22,0],[21,1,22,1],[21,2,22,2],[21,3,22,3],[21,4,22,4],[29,0,29,11],[30,0,31,0],[30,1,31,1],[30,2,31,2],[30,3,31,3],[30,4,31,4]]}
["2022-2023学年学生食堂大宗物资（冷冻类）采购招标中标情况汇总表"]
["项目编号：PCHQ20220019",{"$nulls":9},"开标时间：2022年8月21日"]
["品名","规格","招标    数量","单位","价格要求\n（元/吨）","生产厂家","商标","中标数量","中标单价","中标金额（元）","中标单位","备注"]
["   A 分标 ：冻肉类"]
["冻光鸭","≤25KG",26.4,"吨","≤15500","丰县虹业食品有限公司","虹业",{"v":16.4,"d":"16.40"},{"v":13600,"d":"13,600.00"},{"$f":"H5*I5","v":{"v":223039.99999999997,"d":"223,040.00"}},"广西安为先食品有限公司"]
[{"$nulls":5},"郑州瑞益实业有限公司","帝源",{"v":10,"d":"10.00"},{"v":13267.97,"d":"13,267.97"},{"$f":"H6*I6","v":{"v":132679.69999999998,"d":"132,679.70"}},"广西南宁壹坡食品有限公司"]
["冻鸭胸肉","≤25KG",25.2,"吨","≤15000","临沭虹源食品有限公司","虹玉",{"v":12,"d":"12.00"},{"v":13000,"d":"13,000.00"},{"v":156000,"d":"156,000.00"},"广西安为先食品有限公司"]
[{"$nulls":5},"山东省临沂市平邑众客康惠食品有限公司","凤泽源",{"v":13.2,"d":"13.20"},{"v":12900,"d":"12,900.00"},{"v":170280,"d":"170,280.00"},"广西味美鲜食品有限公司"]
["冻边鸭","≤25KG",75.6,"吨","≤12200","郑州瑞益实业有限公司","帝源",{"v":40,"d":"40.00"},{"v":10100,"d":"10,100.00"},{"v":404000,"d":"404,000.00"},"南宁市丈久食品有限公司"]
[{"$nulls":5},"郑州瑞益实业有限公司","帝源",{"v":35.6,"d":"35.60"},{"v":9021.74,"d":"9,021.74"},{"v":321173.944,"d":"321,173.94"},"广西南宁壹坡食品有限公司"]
["冻鸡碎肉","≤25KG",24,"吨","≤12000","丹东耘垦牧业有限公司","刘家河",{"v":24,"d":"24.00"},{"v":10200,"d":"10,200.00"},{"v":244800,"d":"244,800.00"},"南宁市丈久食品有限公司"]
["冻边鸡","≤25KG",76.8,"吨","≤14500","丹东耘垦牧业有限公司","刘家河",{"v":40,"d":"40.00"},{"v":10800,"d":"10,800.00"},{"v":432000,"d":"432,000.00"},"南宁市丈久食品有限公司"]
[{"$nulls":5},"辽宁义利农牧有限公司","义利",{"v":36.8,"d":"36.80"},{"v":11617.65,"d":"11,617.65"},{"v":427529.51999999996,"d":"427,529.52"},"广西南宁壹坡食品有限公司"]
["冻老鸡胸架","≤25KG",5.4,"吨","≤11500","湖北裕邦食品有限公司","裕邦",{"v":5.4,"d":"5.40"},{"v":9000,"d":"9,000.00"},{"v":48600,"d":"48,600.00"},"南宁市丈久食品有限公司"]
["冻鸡胸肉","≤25KG",31.2,"吨","≤15500","正大食品（湛江）有限公司","正大",{"v":15,"d":"15.00"},{"v":13400,"d":"13,400.00"},{"v":201000,"d":"201,000.00"},"广西安为先食品有限公司"]
[{"$nulls":5},"丹东耘垦牧业有限公司","刘家河",{"v":16.2,"d":"16.20"},{"v":13200,"d":"13,200.00"},{"v":213840,"d":"213,840.00"},"南宁市丈久食品有限公司"]
["冻猪面肉（国产）","≤25KG",9,"吨","≤15900","呼伦贝尔大红门肉类有限公司","大红门",{"v":9,"d":"9.00"},{"v":13200,"d":"13,200.00"},{"v":118800,"d":"118,800.00"},"广西安为先食品有限公司"]
["冻瘦肉（国产）","≤25KG",8.4,"吨","≤32200","呼伦贝尔大红门肉类有限公司","大红门",{"v":8.4,"d":"8.40"},{"v":27000,"d":"27,000.00"},{"v":226800,"d":"226,800.00"},"广西安为先食品有限公司"]
["冻三七肉（国产）","≤25KG",8.4,"吨","≤15900","湖南颐丰食品有限公司","大红门",{"v":8.4,"d":"8.40"},{"v":15760,"d":"15,760.00"},{"v":132384,"d":"132,384.00"},"南宁市梅洛食品有限公司"]
["冻鸡上腿","≤25KG",24,"吨","≤16100","正大食品（湛江）有限公司","正大",{"v":12,"d":"12.00"},{"v":13600,"d":"13,600.00"},{"v":163200,"d":"163,200.00"},"广西安为先食品有限公司"]
[{"$nulls":5},"丹东耘垦牧业有限公司","刘家河",{"v":12,"d":"12.00"},{"v":13800,"d":"13,800.00"},{"v":165600,"d":"165,600.00"},"南宁市丈久食品有限公司"]
["冻鸡腿","≤25KG",26.4,"吨","≤18400","正大食品（湛江）有限公司","正大",{"v":15,"d":"15.00"},{"v":15000,"d":"15,000.00"},{"v":225000,"d":"225,000.00"},"广西安为先食品有限公司"]
[{"$nulls":5},"丹东耘垦牧业有限公司","刘家河",{"v":11.4,"d":"11.40"},{"v":15200,"d":"15,200.00"},{"v":173280,"d":"173,280.00"},"南宁市丈久食品有限公司"]
["冻牛肉","≤10KG",3.6,"吨","≤71300","香河富华肉类有限公司","香河富华",{"v":3.6,"d":"3.60"},{"v":66600,"d":"66,600.00"},{"v":239760,"d":"239,760.00"},"乐禾食品集团股份有限公司"]
["冻牛碎腩","≤10KG",3,"吨","≤59800",{"$nulls":6},"流标"]
["巴沙鱼肉","≤10KG",3.6,"吨","≤28500","北海大白鲨水产食品贸易有限公司","福多多",{"v":3.6,"d":"3.60"},{"v":23000,"d":"23,000.00"},{"v":82800,"d":"82,800.00"},"广西安为先食品有限公司"]
["冻前排（国产）","≤25KG",2.76,"吨","≤32200","呼伦贝尔大红门肉类有限公司","大红门",2.76,{"v":29000,"d":"29,000.00"},{"v":80040,"d":"80,040.00"},"广西安为先食品有限公司"]
["冻鸭边腿","≤25KG",7.2,"吨","≤13800","河北乐寿鸭业食品有限公司","乐寿",{"v":7.2,"d":"7.20"},{"v":8760,"d":"8,760.00"},{"v":63072,"d":"63,072.00"},"南宁市梅洛食品有限公司"]
["冻鸡腿肉（去骨）","≤25KG",7.2,"吨","≤21000","山东省滨州市隆泰食品有限公司","隆泰",{"v":7.2,"d":"7.20"},{"v":12396,"d":"12,396.00"},{"v":89251.2,"d":"89,251.20"},"广西味美鲜食品有限公司"]
["B分标：速冻肉制品类"]
["调理腿排","≤20KG",12000,"KG","≤20.5","临沂瑞发德食品加工有限公司","瑞发德",{"v":6000,"d":"6,000.00"},{"v":15.7,"d":"15.70"},{"$f":"H31*I31","v":{"v":94200,"d":"94200.00"}},"南宁市丈久食品有限公司"]
[{"$nulls":5},"安徽徽之润食品股份有限公司","福美鲜",{"v":6000,"d":"6,000.00"},{"v":17,"d":"17.00"},{"$f":"H32*I32","v":{"v":102000,"d":"102000.00"}},"广西味美鲜食品有限公司"]
["冻牛肉丸","≤20KG",3500,"KG","≤15.0","泉州鲤龙食品有限公司","近海码头",{"v":3500,"d":"3,500.00"},{"v":11.2,"d":"11.20"},{"v":39200,"d":"39200.00"},"南宁市丈久食品有限公司"]
["干层豆腐","≤20KG",3000,"KG","≤9.2","四川安井食品集团股份有限公司","安井",{"v":3000,"d":"3,000.00"},{"v":8.3,"d":"8.30"},{"v":24900.000000000004,"d":"24900.00"},"广西味美鲜食品有限公司"]
["香酥鸡柳","≤20KG",3200,"KG","≤13.8","东阿县信德食品有限公司","津动",{"v":3200,"d":"3,200.00"},{"v":13.5,"d":"13.50"},{"v":43200,"d":"43200.00"},"南宁市丈久食品有限公司"]
["冻鱼丸","≤20KG",2400,"KG","≤18.4","福建天清食品有限公司","天清",{"v":2400,"d":"2,400.00"},{"v":14,"d":"14.00"},{"v":33600,"d":"33600.00"},"南宁市梅洛食品有限公司"]
["冻培根肉","≤20KG",2500,"KG","≤16.3","河南佳怡食品有限公司","佳怡",{"v":2500,"d":"2,500.00"},14.83,{"v":37075,"d":"37075.00"},"广西南宁壹坡食品有限公司"]
["蚝油肉丝","≤20KG",2700,"KG","≤14.9","安徽徽之润食品股份有限公司","徽润",{"v":2700,"d":"2,700.00"},{"v":12.5,"d":"12.50"},{"v":33750,"d":"33750.00"},"广西味美鲜食品有限公司"]
["冻热狗（50 克）","≤20KG",8000,"KG","≤13.4","福建天清食品有限公司","天清",{"v":8000,"d":"8,000.00"},{"v":11,"d":"11.00"},{"v":88000,"d":"88000.00"},"广西南宁壹坡食品有限公司"]
["地道肠（70 克烤用）","≤20KG",2300,"KG","≤27.1","福建御味香冷冻食品有限公司","御味香",{"v":2300,"d":"2,300.00"},{"v":22.5,"d":"22.50"},{"v":51750,"d":"51750.00"},"广西味美鲜食品有限公司"]
["藤椒鸡排","≤20KG",2400,"KG","≤16.6","山东新合膳食品有限公司","新合膳",{"v":2400,"d":"2,400.00"},{"v":14.2,"d":"14.20"},{"v":34080,"d":"34080.00"},"南宁市丈久食品有限公司"]
["鸡汁福袋","≤20KG",2500,"KG","≤18.6","常州盟江食品有限公司","依蒙食品",{"v":2500,"d":"2,500.00"},15.81,{"v":39525,"d":"39525.00"},"南宁市丈久食品有限公司"]
["冻蛋饺","≤20KG",2800,"KG","≤20.1","诸城市昊食品有限公司","臻享受",{"v":2800,"d":"2,800.00"},16.85,{"v":47180.00000000001,"d":"47180.00"},"南宁市丈久食品有限公司"]
["黄金鸡米粒","≤20KG",4500,"KG","≤19.5","江苏盐铁食品科技有限公司","学子膳",{"v":4500,"d":"4,500.00"},{"v":15.5,"d":"15.50"},{"v":69750,"d":"69750.00"},"广西味美鲜食品有限公司"]
["香芋地瓜丸","≤20KG",2000,"KG","≤12.5","三全食品股份有限公司","三全",{"v":2000,"d":"2,000.00"},{"v":11.1,"d":"11.10"},{"v":22200,"d":"22200.00"},"南宁市松健冷冻食品贸易有限公司"]
["手抓饼","≤20KG",3700,"KG","≤13.1","江西爱莲农业发展有限公司","爱莲",{"v":3700,"d":"3,700.00"},{"v":7.5,"d":"7.50"},{"v":27750,"d":"27750.00"},"广西味美鲜食品有限公司"]
["小酥肉","≤20KG",4200,"KG","≤17.8","河南津食品有限公司","津动",{"v":4200,"d":"4,200.00"},{"v":14.2,"d":"14.20"},{"v":59640,"d":"59640.00"},"南宁市丈久食品有限公司"]
["烤香肠（70 克烤用）","≤20KG",4300,"KG","≤19.8","安徽广泰食品有限公司","广达",{"v":4300,"d":"4,300.00"},{"v":12.6,"d":"12.60"},{"v":54180,"d":"54180.00"},"南宁市梅洛食品有限公司"]
["脆骨肠（70 克烤用）","≤20KG",4400,"KG","≤19.9","安徽广泰食品科技有限公司","广泰",{"v":4400,"d":"4,400.00"},{"v":16.7,"d":"16.70"},{"v":73480,"d":"73480.00"},"南宁市松健冷冻食品贸易有限公司"]
["五目寿司","≤20KG",2800,"KG","≤20.3","江苏虞恒食品有限公司","学子膳",{"v":2800,"d":"2,800.00"},{"v":18.5,"d":"18.50"},{"v":51800,"d":"51800.00"},"广西味美鲜食品有限公司"]
["花边水饺","≤20KG",14400,"KG","≤15.5","合肥斌哥食品有限公司","斌哥食品",{"v":14400,"d":"14,400.00"},7.11,{"v":102384,"d":"102384.00"},"乐禾食品集团股份有限公司"]